000 00679nam a2200241Ia 4500
003 OSt
005 20220923211806.0
006 a|||||r|||| 00| 0
007 ta
008 220922b |||||||| |||| 00| 0 san d
024 _a55,439
037 _cTextual
040 _aARTS
_cARTS
_bsan
041 _2san
_asan
082 _aP15,C:3x6,1, 152M5
100 _aभट्ट, नागेश
245 0 _aपरम लघु मन्जूषा
246 _aParam laghu hinjūṣhā
260 _c1985
490 _aKrishnadas sanskrit series( 50
942 _hP15,C:3x6,1, 152M5
_cTEXL
_2CC
999 _c303650
_d303650